000 00569nam a2200205Ia 4500
005 20260429111955.0
008 260429s9999||||xx |||||||||||||| ||und||
020 _a9789811278495
041 _aEnglish
082 _a343.73
_bPAR
100 _aParry, Richard O
245 0 _aInternet law and business :
_binternational issues /
_cRichard O Parry
260 _aSingapore :
_bWorld Scientific Publishing,
_c2024.
300 _avii, 502 p.; pbk
650 _a Business law
650 _a Commercial law
650 _a Internet law
650 _aLaw
942 _cTB
999 _c51699
_d51699